Estatísticas para Os 117 territórios do mundo em 20 minutos

Clique aqui para jogar o quiz

Estatísticas Gerais

  • Esse quiz foi jogado 47 vezes
    (17 desde o último reset)
  • A pontuação média é 19 de 117

Estatísticas das Respostas

"Dono" do
território
ContinenteTipo de
território
Território% Correto
EspanhaÁfricaArquipélagoCanárias
75%
EspanhaÁfricaCidade
Autónoma
Ceuta
75%
PortugalÁfricaArquipélago
e região
Madeira
75%
FrançaOceaniaTerritório
dependente
Polinésia Francesa
63%
PortugalEuropaRegião autónomaAçores
50%
Países BaixosAméricaNação
constituinte
Aruba
50%
Reino UnidoAméricaTerritório
ultramarino
Bermudas
50%
Países BaixosAmérica"País" insularCuraçau
50%
FrançaAméricaDepartamento
ultramarino
Guadalupe
50%
FrançaAméricaDepartamento
ultramarino
Guiana Francesa
50%
Reino UnidoAméricaTerritório
ultramarino
Ilhas Virgens Britânicas
50%
Estados UnidosAméricaColôniaIlhas Virgens dos Estados
Unidos
50%
FrançaÁfricaDepartamento
ultramarino
Maiote
50%
EspanhaÁfricaCidade
autônoma
Melilha
50%
FrançaÁfricaDepartamento
ultramarino
Reunião
50%
Reino UnidoEuropaTerritório
ultramarino
Gibraltar
38%
DinamarcaAméricaRegião
autónoma
Groenlândia
38%
Estados UnidosOceaniaIlhaGuame
38%
ChinaÁsiaDuas regiões
administrativas
Hong Kong
38%
Reino UnidoAméricaTerritório
ultramarino
Ilhas Cayman
38%
Nova ZelândiaOceania"País"
autónomo
Ilhas Cook
38%
Reino UnidoOceaniaTerritório
ultramarino
Ilhas Pitcairn
38%
Reino UnidoAméricaTerritório
ultramarino
Ilhas Turcas e Caicos
38%
Coroa britânicaEuropaIlha de bailiadoJérsia
38%
FrançaAméricaDepartamento
ultramarino
Martinica
38%
Nova ZelândiaOceania"País" insularNiue
38%
Estados UnidosAméricaTerritório não
incorporado
Porto Rico
38%
Estados UnidosOceaniaTerritório não
incorporado
Samoa Americana
38%
FrançaAméricaColetividade
ultramarina
São Bartolomeu
38%
Somália (até 1991)ÁfricaEstado não
reconhecido
Somalilândia
38%
Nova ZelândiaOceaniaPequeno
arquipélago
Toquelau
38%
Estados restantes do
Cáucaso
Ásia ou
Europa
RegiãoAbecásia
25%
Reino UnidoAméricaTerritório
ultramarino
Anguila
25%
Estados restantes do
Cáucaso
Ásia ou
Europa
Estado
separatista
Artsaque
25%
Países BaixosAméricaMunicípio
especial
Bonaire
25%
Coroa britânicaEuropaIlha principal e
ilhotas
Ilha de Man
25%
ChileOceaniaIlhaIlha de Páscoa
25%
AustráliaOceaniaIlhaIlha Norfolque
25%
DinamarcaEuropaTerritório
dependente
Ilhas Féroe
25%
Reino UnidoAméricaArquipélago
ultramarino
Ilhas Malvinas
25%
ChinaÁsiaRegião
administrativa
Macau
25%
Reino UnidoAméricaTerritório
ultramarino
Montserrat
25%
FrançaOceaniaArquipélagoNova Caledônia
25%
Sem donoÁsiaEstados de
jure
Palestina
25%
Países BaixosAméricaIlha e município
especial
Saba
25%
Países BaixosAméricaPaís
constituinte
São Martinho
25%
FrançaAméricaColetividade de
ultramar
São Martinho
25%
Estados UnidosOceaniaTerritório
externo
Atol Johnston
13%
Sem donoÁsia ou
Europa
Estado de factoChipre do Norte
13%
Estados UnidosOceaniaEstado não
incorporado
Havaí
13%
AustráliaÁsia ou
Oceania
Território
externo
Ilha do Natal
13%
Estados restantes do
Cáucaso
Ásia ou
Europa
RegiãoOssétia do Sul
13%
Países BaixosAméricaIlha e município
especial
Santo Eustáquio
13%
Reino UnidoÁfrica ou
Ásia
Território
ultramarino
Território Britânico do
Oceano Índico
13%
FrançaOceaniaColetividade de
ultramar
Wallis e Futuna
13%
Reino UnidoÁsia ou
Europa
Território
ultramarino
Acrotíri e Decelia
0%
GréciaÁsiaNormalAmorgos
0%
GréciaÁsiaNormalAnáfi
0%
ChileOceaniaGrupo pequeno
de ilhas
Arquipélago Juan Fernández
0%
Estados UnidosOceaniaAtolAtol Midway
0%
Estados UnidosOceaniaAtol desabitadoAtol Palmyra
0%
PortugalAméricaParte de
arquipélago
Corvo
0%
GréciaÁsiaNormalCufonísia
0%
Nova ZelândiaAntártidaNormalDependência de Ross
0%
GréciaÁsiaNormalDodecaneso
0%
GréciaÁsiaNormalDonousa
0%
NoruegaEuropaTerritório árticoEsvalbarda
0%
PortugalAméricaParte de
arquipélago
Flores
0%
Coroa britânicaEuropaIlha e bailiadoGuérnesei
0%
Estados UnidosOceaniaAtol desabitadoIlha Baker
0%
NoruegaAntártidaIlha desabitadaIlha Bouvet
0%
Estados UnidosÁsiaPequena ilhaIlha Buldir
0%
EspanhaÁfricaPequena
ilha
Ilha de Alborão
0%
NoruegaAntártidaIlha vulcânicaIlha de Pedro I
0%
AustráliaAntártidaIlhas inóspitasIlha Heard e Ilhas McDonald
0%
Estados UnidosOceaniaAtol desabitadoIlha Howland
0%
Estados UnidosOceaniaIlha desabitadaIlha Jarvis
0%
AustráliaAntártidaPossessão
peri-antártica
Ilha Macquarie
0%
Estados UnidosAméricaIlha desabitadaIlha Navassa
0%
ChileOceaniaPequena ilhaIlha Sala e Gómez
0%
Sem donoEuropaArquipélagoIlhas Äland
0%
Nova ZelândiaAntártidaReinvidicação
antártica
Ilhas Antípodas
0%
AustráliaÁsia ou
Oceania
Conjunto de
ilhas tropicais
Ilhas Ashmore e Cartier
0%
Nova ZelândiaAntártidaArquipélagoIlhas Auckland
0%
Nova ZelândiaAntártidaGrupo de ilhasIlhas Campbell
0%
FrançaAmérica ou
Oceania
Atol de coralIlhas de Clipperton
0%
Estados UnidosÁsiaIlhaIlhas de São Lourenço
0%
AustráliaÁsia ou
Oceania
NormalIlhas do Cocos
0%
AustráliaOceaniaGrupo de ilhas
e atóis coralinos
Ilhas do Mar de Coral
0%
África do SulAntártidaArquipélagoIlhas do Príncipe Eduardo
0%
França / Terras Austrais
e Antárticas Francesas
ÁfricaConjunto de
ilhas
Ilhas Esparsas
0%
Reino UnidoAmérica ou
Antártida
Território
ultramarino
Ilhas Geórgia do Sul e
Sandwich do Sul
0%
Estados UnidosOceaniaEstado
livre-associado
Ilhas Marianas Setentrionais
0%
Estados UnidosÁsiaGrupo de
pequenas ilhas
Ilhas Próximas
0%
Estados UnidosÁsiaGrupo
vulcânico
Ilhas Rat
0%
Estados UnidosOceaniaAtolIlha Wake
0%
ItáliaÁfricaParte de
arquipélago
Lampedusa
0%
ItáliaÁfricaPequena
ilha
Lampione
0%
GréciaÁsiaNormalLesbos
0%
JapãoOceaniaPequena ilhaMinamitorishima
0%
JapãoOceaniaAtolOkinotorishima
0%
ItáliaÁfricaIlha e municípioPantelária
0%
IndonésiaOceania"Província"Papua
0%
IndonésiaOceania''Província"Papua Ocidental
0%
EspanhaÁfricaGrupo de
possessões
Praças de Soberania
0%
GréciaÁsiaNormalQuios
0%
Estados UnidosOceaniaRecife de
corais tropical
Recife Kingman
0%
Sem donoÁfricaEstado
parcialmente
reconhecido
República Árabe Saariana
Democrática
0%
GréciaÁsiaNormalSamos
0%
Reino UnidoÁfricaUltramarinoSanta Helena, Ascensão
e Tristão da Cunha
0%
GréciaÁsiaNormalSantorino
0%
FrançaAméricaColetividade de
ultramar
São Pedro e Miquelão
0%
IêmenÁfricaArquipélagoSocotorá
0%
NoruegaAntártidaRegiãoTerra da Rainha Maud
0%
FrançaAntártidaTerritório de
ultramar
Terras Austrais e Antárticas
Francesas
0%
AustráliaAntártidaReinvidicação
antártica
Território Antártico Australiano
0%
Reino UnidoAntártidaTerritório
ultramarino
Território Antártico Britânico
0%

Distribuição das Pontuações

Percentil de Números Respondidos

Porcentagem de Pessoas com Cada Pontuação

Sua Pontuação Histórica

Você não jogou esse quiz desde o último reset